| 000 | 00614nam a2200217Ia 4500 | ||
|---|---|---|---|
| 005 | 20260429111937.0 | ||
| 008 | 260429s9999||||xx |||||||||||||| ||und|| | ||
| 020 | _a9789360800642 | ||
| 041 | _aEnglish | ||
| 082 |
_a934 _bBAK |
||
| 100 | _aBakker, Hans T. | ||
| 245 | 0 |
_aVakataka heritage : _bIndian culture at the crossroads / _cHans T. Bakker |
|
| 250 | _a1st ed. | ||
| 260 |
_aNew Delhi : _bManohar Publishers and Distributors, _c2025. |
||
| 300 | _aviii, 196 p.; hb | ||
| 650 | _a Ancient India | ||
| 650 | _a Archaeology | ||
| 650 | _a Indian culture | ||
| 650 | _aVakataka dynasty | ||
| 942 | _cTB | ||
| 999 |
_c51552 _d51552 |
||